El arte del paisaje

Збережено в:
Бібліографічні деталі
Автор: Milani, Raffaele (autor)
Формат: Книга
Мова:Іспанська
Опубліковано: Madrid Biblioteca Nueva 2007
Серія:Colección Paisaje y Teoría
Предмети:
Теги: Додати тег
Немає тегів, Будьте першим, хто поставить тег для цього запису!

MARC

LEADER 00000cam a2200000 a 4500
001 UCE6903
003 CL-VaPUC
008 150514e20070000sp |||||||||||||||||spa|d
020 |a 9788497426824 
082 0 4 |a 712.01  |b MIL  |2 21 
100 |a Milani, Raffaele  |e autor  |9 579573 
245 1 3 |a El arte del paisaje 
300 |a 250 p 
942 |c BK 
945 |d 20150514 13:01:00  |a cmena 
260 |a Madrid  |b Biblioteca Nueva  |c 2007 
650 7 |a DISEÑO PAISAJISTICO  |2 CL-VaPUC  |9 463269 
650 0 |a Estética   |9 264950 
650 0 |a Filosofía del arte  |9 264951 
650 0 |a Jardines  |9 268264 
650 7 |a PAISAJE URBANO  |2 CL-VaPUC  |9 579574 
583 |a last modification  |c 20150514 13:01:00  |k Rodrigo Vera 
490 0 |a Colección Paisaje y Teoría 
999 |c 359074  |d 359072 
952 |0 0  |1 0  |3 erb  |4 0  |6 712_010000000000000_MIL_2007  |7 0  |8 R  |9 468095  |a BIBARQ  |b BIBARQ  |i 5160332  |o 712.01 MIL 2007  |p 5160332  |r 2025-01-20  |w 2019-11-23  |y BK_R  |z Catalogado en:20150514  |k ARQ